| 000 | 01110nam#a2200289 4500 | ||
|---|---|---|---|
| 001 | 113994 | ||
| 003 | DR-UNIBE | ||
| 005 | 20250804131913.0 | ||
| 008 | 250804s2023 xxu s 0 eng d | ||
| 020 | _a9781433836732 | ||
| 040 |
_aBIBLIOTECA UNIBE _cBIBLIOTECA UNIBE _erda |
||
| 041 | _aeng | ||
| 082 | _a616.89 L657d | ||
| 100 | 1 |
_aLevenson, Hanna _eautor _9198084 |
|
| 100 | 1 |
_aGay, Volney P. _eautor _9198079 |
|
| 100 | 1 |
_aBinder, Jeffrey L. _eautor _9198080 |
|
| 245 | 1 | 3 | _aDeliberate practice in psychodynamic psychotherapy |
| 260 |
_aWashington, DC : _bAmerican Psychological Association, _c2023 |
||
| 300 |
_axv, 279 páginas : _bilustraciones |
||
| 490 | _aEssentials of deliberate practice series | ||
| 500 | _aLa biblioteca posee la versión electrónica | ||
| 505 | _aPART I. OVERVIEW AND INSTRUCTIONS | PART II. DELIBERATE PRACTICE EXERCISES FOR PSYCHODYNAMIC THERAPY SKILLS | PART III. STRATEGIES FOR ENHANCING THE DELIBERATE PRACTICE EXERCISES | | ||
| 650 | 7 |
_aPsicoterapia _2lemb |
|
| 650 | 7 |
_aPsicología _2lemb |
|
| 653 | 0 | 0 | _aFormación de psicoterapeutas |
| 942 |
_2ddc _cBK |
||
| 999 |
_c114007 _d114007 |
||